<?xml version="1.0" encoding="UTF-8"?>
<record
    xmlns:xsi="http://www.w3.org/2001/XMLSchema-instance"
    xsi:schemaLocation="http://www.loc.gov/MARC21/slim http://www.loc.gov/standards/marcxml/schema/MARC21slim.xsd"
    xmlns="http://www.loc.gov/MARC21/slim">

  <leader>01009nam a22002777a 4500</leader>
  <controlfield tag="003">OSt</controlfield>
  <controlfield tag="005">20190107081724.0</controlfield>
  <controlfield tag="008">180609b        xxu||||| |||| 00| 0 spa d</controlfield>
  <datafield tag="020" ind1=" " ind2=" ">
    <subfield code="a">9505083645</subfield>
  </datafield>
  <datafield tag="040" ind1=" " ind2=" ">
    <subfield code="c">PJ</subfield>
  </datafield>
  <datafield tag="110" ind1=" " ind2=" ">
    <subfield code="a">Argentina</subfield>
    <subfield code="9">429</subfield>
  </datafield>
  <datafield tag="130" ind1=" " ind2=" ">
    <subfield code="a">Argentina. Leyes y Decretos. Ley 19549 </subfield>
  </datafield>
  <datafield tag="245" ind1="1" ind2="0">
    <subfield code="a">R&#xE9;gimen de procedimientos administrativos :</subfield>
    <subfield code="b">ley 19.549 /</subfield>
    <subfield code="c">revisado, ordenado y comentado por: Tom&#xE1;s Hutchinson.</subfield>
  </datafield>
  <datafield tag="250" ind1=" " ind2=" ">
    <subfield code="a">2a. ed. act.</subfield>
  </datafield>
  <datafield tag="260" ind1=" " ind2=" ">
    <subfield code="a">Buenos Aires :</subfield>
    <subfield code="b">Astrea, </subfield>
    <subfield code="c">1994.</subfield>
  </datafield>
  <datafield tag="300" ind1=" " ind2=" ">
    <subfield code="a">397 p.</subfield>
    <subfield code="c">20 cm.</subfield>
  </datafield>
  <datafield tag="505" ind1=" " ind2=" ">
    <subfield code="a">Contenido:
Decreto reglamentario 1759/72, texto ordenado 1991 seg&#xFA;n reformas introducidad por decreto 1883/91.</subfield>
  </datafield>
  <datafield tag="650" ind1=" " ind2="0">
    <subfield code="a">DERECHO ADMINISTRATIVO</subfield>
    <subfield code="9">211</subfield>
    <subfield code="x">LEGISLACION</subfield>
  </datafield>
  <datafield tag="650" ind1=" " ind2="0">
    <subfield code="a">PROCEDIMIENTO ADMINISTRATIVO</subfield>
    <subfield code="9">1135</subfield>
  </datafield>
  <datafield tag="653" ind1=" " ind2=" ">
    <subfield code="a">LEY 19.549</subfield>
  </datafield>
  <datafield tag="653" ind1=" " ind2=" ">
    <subfield code="a">DECRETO 1759/1972</subfield>
  </datafield>
  <datafield tag="653" ind1=" " ind2=" ">
    <subfield code="a">DECRETO 1883/1991</subfield>
  </datafield>
  <datafield tag="700" ind1=" " ind2=" ">
    <subfield code="9">71</subfield>
    <subfield code="a">Hutchinson, Tom&#xE1;s</subfield>
  </datafield>
  <datafield tag="710" ind1=" " ind2=" ">
    <subfield code="9">2650</subfield>
    <subfield code="a">Argentina. Leyes, decretos, etc. Ley n&#xBA; 19.549</subfield>
  </datafield>
  <datafield tag="942" ind1=" " ind2=" ">
    <subfield code="2">udc</subfield>
    <subfield code="c">LIB</subfield>
    <subfield code="h">342.9</subfield>
    <subfield code="i">REG</subfield>
  </datafield>
  <datafield tag="999" ind1=" " ind2=" ">
    <subfield code="c">852</subfield>
    <subfield code="d">852</subfield>
  </datafield>
  <datafield tag="952" ind1=" " ind2=" ">
    <subfield code="0">0</subfield>
    <subfield code="1">0</subfield>
    <subfield code="2">udc</subfield>
    <subfield code="4">0</subfield>
    <subfield code="7">0</subfield>
    <subfield code="a">DJS</subfield>
    <subfield code="b">DJS</subfield>
    <subfield code="d">2018-06-22</subfield>
    <subfield code="o">342.924 REG</subfield>
    <subfield code="p">6186</subfield>
    <subfield code="r">2018-06-22</subfield>
    <subfield code="w">2018-06-22</subfield>
    <subfield code="y">LIB</subfield>
  </datafield>
  <datafield tag="952" ind1=" " ind2=" ">
    <subfield code="0">0</subfield>
    <subfield code="1">0</subfield>
    <subfield code="2">udc</subfield>
    <subfield code="4">0</subfield>
    <subfield code="7">0</subfield>
    <subfield code="a">DJS</subfield>
    <subfield code="b">DJS</subfield>
    <subfield code="d">2018-06-22</subfield>
    <subfield code="l">2</subfield>
    <subfield code="o">342.924 REG</subfield>
    <subfield code="p">6187</subfield>
    <subfield code="r">2023-12-11</subfield>
    <subfield code="s">2022-09-30</subfield>
    <subfield code="t">ej. 2</subfield>
    <subfield code="w">2018-06-22</subfield>
    <subfield code="y">LIB</subfield>
  </datafield>
  <datafield tag="952" ind1=" " ind2=" ">
    <subfield code="0">0</subfield>
    <subfield code="1">0</subfield>
    <subfield code="2">udc</subfield>
    <subfield code="4">0</subfield>
    <subfield code="7">0</subfield>
    <subfield code="a">DJS</subfield>
    <subfield code="b">DJS</subfield>
    <subfield code="d">2018-06-22</subfield>
    <subfield code="o">342.924 REG</subfield>
    <subfield code="p">6188</subfield>
    <subfield code="r">2018-06-22</subfield>
    <subfield code="t">ej. 3</subfield>
    <subfield code="w">2018-06-22</subfield>
    <subfield code="y">LIB</subfield>
  </datafield>
  <datafield tag="952" ind1=" " ind2=" ">
    <subfield code="0">0</subfield>
    <subfield code="1">0</subfield>
    <subfield code="2">udc</subfield>
    <subfield code="4">0</subfield>
    <subfield code="7">0</subfield>
    <subfield code="a">DJS</subfield>
    <subfield code="b">DJS</subfield>
    <subfield code="d">2018-06-22</subfield>
    <subfield code="l">1</subfield>
    <subfield code="o">342.924 REG</subfield>
    <subfield code="p">6431</subfield>
    <subfield code="q">2024-03-22</subfield>
    <subfield code="r">2024-03-15</subfield>
    <subfield code="s">2024-03-15</subfield>
    <subfield code="t">ej. 4</subfield>
    <subfield code="w">2018-06-22</subfield>
    <subfield code="y">LIB</subfield>
  </datafield>
</record>
